000 00184 a2200097 4500
001 18488
100 _aShooman M.L
245 _a
260 _a
_bUnesco
_c1970
090 _c13724
_d13724
942 _aNUST-CAE
_cM
_c4141
999 _c253561
_d253561